But Daddy I Love Him lyrics - Statistics

General Stats
  • This quiz has been taken 20 times
  • The average score is 356 of 500
Answer Stats
Lyrics % Correct
"But,
100%
but
100%
Daddy,
100%
daddy
100%
him"
100%
him
100%
I
100%
love
100%
a
94%
and
94%
And
94%
And,
94%
baby
94%
faces
94%
havin'
94%
his
94%
I'm
94%
No,
94%
no,
94%
not,
94%
not
94%
see
94%
see,
94%
should
94%
you
94%
You
94%
your
94%
dress
88%
for
88%
just
88%
me
88%
Me
88%
me,
88%
my
88%
on
88%
runnin'
88%
screamin',
88%
the
88%
The
88%
then
88%
they
88%
They
88%
to
88%
we
88%
We
88%
"What
88%
when
88%
who
88%
with
88%
best,
81%
best
81%
coming
81%
ever
81%
forget
81%
He
81%
he
81%
how
81%
if
81%
If
81%
in
81%
it
81%
it's
81%
know
81%
of
81%
one
81%
only
81%
people
81%
senses
81%
sun
81%
these
81%
this
81%
unbuttoned,
81%
want
81%
was
81%
West
81%
won
81%
all
75%
All
75%
cage
75%
crazy,
75%
fences
75%
fun
75%
God
75%
God,
75%
he's
75%
Now
75%
now,
75%
now
75%
raise
75%
Too
75%
too
75%
don't
69%
Hannahs
69%
hate
69%
I'll
69%
is
69%
like
69%
oh
69%
Sarahs
69%
say
69%
Sunday
69%
were
69%
what's
69%
can
63%
'cause
63%
'em,
63%
girl
63%
high
63%
learned
63%
loves
63%
mine
63%
never
63%
save
63%
simple
63%
that
63%
their
63%
through
63%
up
63%
whole
63%
world
63%
above
56%
at
56%
clutchin'
56%
creeps
56%
down
56%
even
56%
floor
56%
from
56%
her"
56%
horse
56%
mess"
56%
much
56%
plans
56%
revelry
56%
rise
56%
sighing,
56%
thing
56%
wanted
56%
wedding
56%
away
50%
'bout
50%
can't
50%
cater
50%
change
50%
chaos,
50%
city
50%
daughter,
50%
door
50%
dressed
50%
eyes
50%
good
50%
had
50%
hall
50%
heard,
50%
I'd
50%
into
50%
knows
50%
laid
50%
Lord
50%
moanin'
50%
most
50%
name,
50%
pearls,
50%
pray
50%
protested
50%
right
50%
second
50%
slammed
50%
some
50%
something
50%
"Stay
50%
tell
50%
tellin'
50%
There's
50%
true
50%
try
50%
vipers
50%
white
50%
alone
44%
beat
44%
Bedroom
44%
bitchin'
44%
burn
44%
choice
44%
clothing
44%
come
44%
convened
44%
disgrace
44%
elders
44%
enough,
44%
gotta
44%
heart
44%
lady
44%
life
44%
listen
44%
more
44%
rather
44%
remedy
44%
saboteurs
44%
Soon
44%
than
44%
thinkin'
44%
tires
44%
touches
44%
Went
44%
words
44%
ain't
38%
bestow
38%
chemistry
38%
destiny
38%
does
38%
empath's
38%
fuck
38%
gray
38%
Growin'
38%
growin'
38%
joy
38%
judgmental
38%
lot
38%
means
38%
over
38%
parents
38%
performing
38%
screeching
38%
sometimes
38%
town
38%
upon
38%
wild
38%
are
31%
around
31%
boy
31%
braid
31%
came
31%
counteract
31%
fakest
31%
give
31%
heat
31%
moms
31%
noise,
31%
out,
31%
precocious
31%
Sanctimoniously
31%
smiles
31%
Time,
31%
tucked
31%
undo
31%
wine
31%
woven
31%
back
25%
brings
25%
closer
25%
dancin'
25%
died
25%
funny
25%
holdin'
25%
lovers
25%
pride,
25%
Scandal
25%
soliloquies
25%
still
25%
Tendrils
25%
doesn't
19%
perspective?
19%
things
19%
Beautiful
6%
No matching quizzes found
Score Distribution
Percent of People with Each Score
Percentile by Number Answered
Your Score History
You have not taken this quiz